Lehninger biochemistry : (Record no. 52385)

MARC details
000 -LEADER
fixed length control field 00663nam a2200241Ia 4500
005 - DATE AND TIME OF LATEST TRANSACTION
control field 20260429112115.0
008 - FIXED-LENGTH DATA ELEMENTS--GENERAL INFORMATION
fixed length control field 260429s9999||||xx |||||||||||||| ||und||
020 ## - INTERNATIONAL STANDARD BOOK NUMBER
International Standard Book Number 9781319589967
041 ## - LANGUAGE CODE
Language English
082 ## - DEWEY DECIMAL CLASSIFICATION NUMBER
Classification number 572
Item number COX
100 ## - MAIN ENTRY--PERSONAL NAME
Personal name Cox, Michael M.
245 #0 - TITLE STATEMENT
Title Lehninger biochemistry :
Remainder of title core concepts and applications /
Statement of responsibility, etc Michael M. Cox
250 ## - EDITION STATEMENT
Edition statement 1st ed.
260 ## - PUBLICATION, DISTRIBUTION, ETC. (IMPRINT)
Place of publication, distribution, etc Austin :
Name of publisher, distributor, etc Macmillan Learning,
Date of publication, distribution, etc 2025.
300 ## - PHYSICAL DESCRIPTION
Extent xxviii, 700 p.; pbk
650 ## - SUBJECT ADDED ENTRY--TOPICAL TERM
Topical term or geographic name as entry element Amino acids
650 ## - SUBJECT ADDED ENTRY--TOPICAL TERM
Topical term or geographic name as entry element Protein structure
650 ## - SUBJECT ADDED ENTRY--TOPICAL TERM
Topical term or geographic name as entry element Biochemistry
700 ## - ADDED ENTRY--PERSONAL NAME
Personal name Hoskins, Aaron A.
700 ## - ADDED ENTRY--PERSONAL NAME
Personal name Simcox, Judith
700 ## - ADDED ENTRY--PERSONAL NAME
Personal name Viel, Alain
942 ## - ADDED ENTRY ELEMENTS (KOHA)
Koha item type Text Books
Holdings
Withdrawn status Lost status Damaged status Not for loan Collection code Home library Location Shelving location Date of Cataloging Source of acquisition Total Checkouts Full call number Barcode Date last seen Price effective from Koha item type
        Non-fiction CUTN Central Library CUTN Central Library Sciences 29/04/2026 CBS Publishers & Distributors, New Delhi - Invoice No. COR/IN/26/11710 on   572 COX 57461 29/04/2026 29/04/2026 Text Books